[Event "GBR-ch61"]
[Site "Clacton"]
[Date "1974.08.05"]
[Round "1"]
[White "Bellin, Robert"]
[Black "Penrose, Jonathan"]
[Result "1-0"]
[WhiteElo "2355"]
[BlackElo "2450"]
[PlyCount "65"]
[EventDate "1974.08.05"]
[EventType "swiss"]
[EventRounds "11"]
[EventCountry "GBR"]
[SourceTitle "BritBase"]
[SourceQuality "2"]

1. d4 d5 2. Nc3 Nf6 3. Bg5 h6 4. Bxf6 exf6 5. e3 c6 6. Bd3 Bd6 7. Qf3 O-O 8.
Nge2 Re8 9. O-O-O b5 10. g4 Nd7 11. h4 b4 12. Na4 g6 13. Rdg1 Be7 14. g5 fxg5
15. h5 g4 16. Rxg4 g5 17. Rgg1 Qa5 18. b3 Nf6 19. Ng3 Bg4 20. Qg2 Kh8 21. Bf5
Bxf5 22. Nxf5 Bf8 23. f4 Ne4 24. fxg5 Nxg5 25. Rh4 Re4 26. Rf4 Rae8 27. Nxh6
Bxh6 28. Rf6 Qd8 29. Rxh6+ Kg7 30. Rxc6 f6 31. Qf1 Rxe3 32. Rxg5+ fxg5 33. Rg6+
1-0

[Event "GBR-ch61"]
[Site "Clacton"]
[Date "1974.08.05"]
[Round "1"]
[White "Clarke, Peter Hugh"]
[Black "Ludgate, Alan Templeton"]
[Result "1/2-1/2"]
[WhiteElo "2355"]
[BlackElo "2200"]
[PlyCount "62"]
[EventDate "1974.08.05"]
[EventType "swiss"]
[EventRounds "11"]
[EventCountry "GBR"]
[SourceTitle "BritBase"]
[SourceQuality "2"]

1. c4 g6 2. Nc3 Bg7 3. d4 d6 4. e4 e5 5. Nge2 Nd7 6. Be3 Ne7 7. f3 f5 8. d5 a5
9. Nc1 Nc5 10. Nb3 Nxb3 11. axb3 fxe4 12. fxe4 Bd7 13. Be2 O-O 14. Bf3 b6 15.
O-O Kh8 16. Bg4 Rxf1+ 17. Kxf1 Ng8 18. Bxd7 Qxd7 19. Kg1 Bh6 20. Bxh6 Nxh6 21.
b4 Ng4 22. bxa5 Rxa5 23. Rxa5 bxa5 24. h3 Nf6 25. Qa1 Qg7 26. Qc1 g5 27. g3 Nd7
28. Qd1 Nc5 29. Qg4 h6 30. Qc8+ Kh7 31. Qf5+ Kg8 1/2-1/2

[Event "GBR-ch61"]
[Site "Clacton"]
[Date "1974.08.05"]
[Round "1"]
[White "Hardy, Otto H"]
[Black "Botterill, George Steven"]
[Result "0-1"]
[WhiteElo "2200"]
[BlackElo "2410"]
[PlyCount "136"]
[EventDate "1974.08.05"]
[EventType "swiss"]
[EventRounds "11"]
[EventCountry "GBR"]
[SourceTitle "BritBase"]
[SourceQuality "2"]

1. d4 Nf6 2. Nc3 d6 3. e4 g6 4. Nf3 Bg7 5. Be2 O-O 6. O-O c6 7. h3 Qc7 8. Bf4
Nh5 9. Bh2 e5 10. Qd2 Nd7 11. a4 h6 12. Rfd1 Re8 13. dxe5 dxe5 14. Bc4 a5 15.
Qd6 Qxd6 16. Rxd6 Nhf6 17. Re1 Bf8 18. Rdd1 Kg7 19. Nb1 Nb6 20. Bb3 Nfd7 21.
Nbd2 f6 22. Nc4 Nxc4 23. Bxc4 Nc5 24. b3 Bd7 25. Nd2 Ne6 26. Nb1 Rad8 27. Bg3
Bc5 28. Re2 Kf8 29. Red2 Ke7 30. Kf1 h5 31. f3 Bc8 32. c3 Rxd2 33. Rxd2 Bd7 34.
Bf2 Bxf2 35. Kxf2 Rb8 36. Na3 Nc5 37. Nc2 Be6 38. Bxe6 Kxe6 39. Na1 b5 40. axb5
Rxb5 41. c4 Rb4 42. Ra2 Nxb3 43. Nxb3 Rxb3 44. Rxa5 h4 45. g4 Rb4 46. c5 Rb5
47. Ra8 Rxc5 48. Re8+ Kf7 49. Rh8 Rc2+ 50. Ke3 g5 51. Rc8 c5 52. Kd3 Rh2 53.
Rxc5 Rxh3 54. Rc7+ Ke6 55. Ke2 Rh1 56. Rc6+ Ke7 57. Kf2 Rh2+ 58. Kg1 Rb2 59.
Rc3 Kd6 60. Kf1 h3 61. Kg1 h2+ 62. Kh1 Rf2 63. Rb3 Kc5 64. Ra3 Kd4 65. Rb3 Ra2
66. Rb6 Ke3 67. Rxf6 Kf2 68. Rh6 Kg3 0-1

[Event "GBR-ch61"]
[Site "Clacton"]
[Date "1974.08.05"]
[Round "1"]
[White "Haygarth, Michael J"]
[Black "Swanson, Stephen"]
[Result "1-0"]
[WhiteElo "2200"]
[BlackElo "2200"]
[PlyCount "99"]
[EventDate "1974.08.05"]
[EventType "swiss"]
[EventRounds "11"]
[EventCountry "GBR"]
[SourceTitle "BritBase"]
[SourceQuality "2"]

1. d4 Nf6 2. c4 d6 3. Nc3 c6 4. e4 e5 5. d5 Be7 6. Bd3 O-O 7. Nf3 a5 8. h3 Na6
9. Be3 Nd7 10. a3 Nac5 11. Bc2 Qb6 12. Rb1 Qa6 13. Nd2 a4 14. O-O Nb6 15. Qe2
Bd7 16. Rfe1 Rac8 17. Kh2 Qa5 18. Rbc1 Rfd8 19. g3 Be8 20. f3 Ncd7 21. Bb1 cxd5
22. cxd5 Nc5 23. Rg1 Nb3 24. Nxb3 axb3 25. Bd3 Na4 26. Nxa4 Bxa4 27. Qf2 Qa8
28. Qd2 Rxc1 29. Rxc1 Rc8 30. Kg2 Bd7 31. h4 Rxc1 32. Qxc1 Qa5 33. Bc4 Bd8 34.
Bxb3 Bb6 35. Bxb6 Qxb6 36. Ba4 Qd8 37. Bxd7 Qxd7 38. Qc4 g6 39. a4 Kg7 40. a5
Qd8 41. b4 f5 42. a6 bxa6 43. Qxa6 f4 44. b5 fxg3 45. Qa7+ Kg8 46. Kxg3 g5 47.
h5 Qf6 48. Qe3 h6 49. b6 Qf7 50. Qc1 1-0

[Event "GBR-ch61"]
[Site "Clacton"]
[Date "1974.08.05"]
[Round "1"]
[White "Hempson, Peter W"]
[Black "Williams, Arthur Howard"]
[Result "1/2-1/2"]
[WhiteElo "2200"]
[BlackElo "2405"]
[PlyCount "65"]
[EventDate "1974.08.05"]
[EventType "swiss"]
[EventRounds "11"]
[EventCountry "GBR"]
[SourceTitle "BritBase"]
[SourceQuality "2"]

1. d4 Nf6 2. c4 g6 3. Nc3 d5 4. Qb3 dxc4 5. Qxc4 Be6 6. Qd3 Bg7 7. e4 O-O 8.
Nf3 Bg4 9. Be2 Bxf3 10. Bxf3 Nc6 11. Be3 e5 12. d5 Nd4 13. Be2 c6 14. dxc6 bxc6
15. O-O Nd7 16. Na4 Rb8 17. b3 Rb4 18. Rac1 Qh4 19. f3 Bh6 20. Bf2 Qg5 21. Rfd1
Rd8 22. Rc4 Rxc4 23. Qxc4 Nb6 24. Nxb6 axb6 25. Kf1 b5 26. Qc3 Ra8 27. Bxd4
exd4 28. Qxc6 Rxa2 29. Qxb5 Qxb5 30. Bxb5 Be3 31. Be2 Rb2 32. Rd3 g5 33. g3
1/2-1/2

[Event "GBR-ch61"]
[Site "Clacton"]
[Date "1974.08.05"]
[Round "1"]
[White "Hindle, Owen M"]
[Black "Wise, Derek Maurice"]
[Result "1-0"]
[WhiteElo "2200"]
[BlackElo "2200"]
[PlyCount "59"]
[EventDate "1974.08.05"]
[EventType "swiss"]
[EventRounds "11"]
[EventCountry "GBR"]
[SourceTitle "BritBase"]
[SourceQuality "2"]

1. e4 c5 2. Nf3 Nc6 3. d4 cxd4 4. Nxd4 Nf6 5. Nc3 e5 6. Ndb5 d6 7. Bg5 a6 8.
Bxf6 gxf6 9. Na3 f5 10. exf5 Bxf5 11. Nc4 Be6 12. Ne3 Bh6 13. Be2 d5 14. Nexd5
Nd4 15. Bf3 O-O 16. O-O f5 17. g3 f4 18. Be4 Qg5 19. Kh1 fxg3 20. fxg3 Bh3 21.
Bg2 Bg4 22. Qd3 Bf5 23. Ne4 Qd8 24. c3 Kh8 25. Ne3 Bxe3 26. Qxe3 Nc2 27. Qc5
Nxa1 28. Qxe5+ Kg8 29. Nd6 Rf6 30. Nxf5 1-0

[Event "GBR-ch61"]
[Site "Clacton"]
[Date "1974.08.05"]
[Round "1"]
[White "Holloway, Nigel J"]
[Black "Sinclair, Ian J"]
[Result "1/2-1/2"]
[WhiteElo "2200"]
[BlackElo "2200"]
[PlyCount "44"]
[EventDate "1974.08.05"]
[EventType "swiss"]
[EventRounds "11"]
[EventCountry "GBR"]
[SourceTitle "BritBase"]
[SourceQuality "2"]

1. d4 d5 2. c4 e6 3. Nf3 Nf6 4. g3 dxc4 5. Bg2 c5 6. O-O Nc6 7. Qa4 Nd7 8. dxc5
Bxc5 9. Qxc4 O-O 10. Nc3 a6 11. Bg5 Be7 12. Bxe7 Qxe7 13. Rfd1 Nf6 14. Nd4 Bd7
15. Nb3 Rac8 16. Qc5 Rc7 17. Qb6 Rfc8 18. Rd2 Be8 19. Na5 Nxa5 20. Qxa5 Bc6 21.
Rad1 Bxg2 22. Kxg2 g6 1/2-1/2

[Event "GBR-ch61"]
[Site "Clacton"]
[Date "1974.08.05"]
[Round "1"]
[White "Horner, Jeff"]
[Black "Perkins, Alan H"]
[Result "0-1"]
[WhiteElo "2200"]
[BlackElo "2360"]
[PlyCount "80"]
[EventDate "1974.08.05"]
[EventType "swiss"]
[EventRounds "11"]
[EventCountry "GBR"]
[SourceTitle "BritBase"]
[SourceQuality "2"]

1. e4 e5 2. Nf3 Nc6 3. Bb5 a6 4. Ba4 d6 5. c3 Bd7 6. O-O Nge7 7. d4 Ng6 8. Nbd2
Be7 9. d5 Nb8 10. Bxd7+ Nxd7 11. Nc4 h6 12. Ne3 Bg5 13. Nxg5 hxg5 14. g3 Qf6
15. Ng4 Qe7 16. b4 Nf4 17. gxf4 gxf4 18. Qe2 g6 19. f3 f5 20. Nf2 Qg5+ 21. Kh1
Qh5 22. Bxf4 O-O-O 23. Bg3 f4 24. Bxf4 exf4 25. Ng4 Ne5 26. Nxe5 Qxe5 27. Rac1
Rh3 28. Qg2 Rdh8 29. Qg4+ Kb8 30. Rc2 Rg3 31. Qe6 Qh5 32. Qf6 g5 33. Qd4 Rxf3
34. Rg1 Rh3 35. Rgg2 f3 36. Rgd2 g4 37. Kg1 g3 38. hxg3 Qg5 39. Kf2 Qxg3+ 40.
Ke3 f2+ 0-1

[Event "GBR-ch61"]
[Site "Clacton"]
[Date "1974.08.05"]
[Round "1"]
[White "Lennox, C Jonathan"]
[Black "Law, Andrew P"]
[Result "0-1"]
[WhiteElo "2200"]
[BlackElo "2200"]
[PlyCount "66"]
[EventDate "1974.08.05"]
[EventType "swiss"]
[EventRounds "11"]
[EventCountry "GBR"]
[SourceTitle "BritBase"]
[SourceQuality "2"]

1. e4 c5 2. Nf3 d6 3. d4 cxd4 4. Nxd4 Nf6 5. Nc3 e6 6. Be2 a6 7. O-O Qc7 8. Be3
b5 9. Bf3 Bb7 10. e5 dxe5 11. Ndxb5 axb5 12. Nxb5 Qc8 13. Na7 Rxa7 14. Bxa7 Nc6
15. Be3 e4 16. Be2 Qc7 17. c3 Bd6 18. h3 O-O 19. a4 Nd5 20. Bb5 f5 21. Bd2 f4
22. c4 Nf6 23. Bxc6 Qxc6 24. f3 exf3 25. gxf3 Qxc4 26. Bc3 Nd5 27. Qd2 Bc5+ 28.
Kh2 Be3 29. Qg2 Nxc3 30. bxc3 e5 31. Qa2 Qxa2+ 32. Rxa2 e4 33. Rb2 Ba6 0-1

[Event "GBR-ch61"]
[Site "Clacton"]
[Date "1974.08.05"]
[Round "1"]
[White "Mestel, A Jonathan"]
[Black "Lightfoot, Malcolm J"]
[Result "1-0"]
[WhiteElo "2270"]
[BlackElo "2200"]
[PlyCount "69"]
[EventDate "1974.08.05"]
[EventType "swiss"]
[EventRounds "11"]
[EventCountry "GBR"]
[SourceTitle "BritBase"]
[SourceQuality "2"]

1. e4 c5 2. Nf3 Nc6 3. Nc3 d6 4. d4 cxd4 5. Nxd4 Nf6 6. Be3 e5 7. Ndb5 a6 8.
Na3 Be6 9. Nc4 d5 10. exd5 Nxd5 11. Nxd5 Qxd5 12. Qxd5 Bxd5 13. O-O-O Rd8 14.
Bb6 Rd7 15. Be2 g6 16. f3 Bh6+ 17. Kb1 Bg7 18. Bc5 Nd4 19. Nb6 Rd8 20. Rhe1 Be6
21. Bc4 Bxc4 22. Nxc4 Nf5 23. g4 Rxd1+ 24. Rxd1 b5 25. Nd2 Nd4 26. Ne4 Ne6 27.
Ba3 f5 28. Nd6+ Ke7 29. Nxf5+ Kf6 30. Nd6 h5 31. Ne4+ Kf7 32. Rd7+ Kg8 33. g5
a5 34. Be7 Nf8 35. Rb7 1-0

[Event "GBR-ch61"]
[Site "Clacton"]
[Date "1974.08.05"]
[Round "1"]
[White "Stean, Michael F"]
[Black "Mabbs, David J"]
[Result "1/2-1/2"]
[WhiteElo "2345"]
[BlackElo "2200"]
[PlyCount "35"]
[EventDate "1974.08.05"]
[EventType "swiss"]
[EventRounds "11"]
[EventCountry "GBR"]
[SourceTitle "BritBase"]
[SourceQuality "2"]

1. e4 e5 2. Nf3 Nc6 3. Bb5 a6 4. Ba4 Nf6 5. O-O Be7 6. Re1 b5 7. Bb3 d6 8. c3
Na5 9. Bc2 c5 10. d4 Nc6 11. d5 Na5 12. b4 Nb7 13. a4 Bd7 14. Na3 Qc8 15. Bd2
O-O 16. Qe2 Bd8 17. axb5 axb5 18. c4 1/2-1/2

[Event "GBR-ch61"]
[Site "Clacton"]
[Date "1974.08.05"]
[Round "1"]
[White "Thomas, Ronald"]
[Black "Bennett, Gerald H"]
[Result "1/2-1/2"]
[WhiteElo "2200"]
[BlackElo "2200"]
[PlyCount "118"]
[EventDate "1974.08.05"]
[EventType "swiss"]
[EventRounds "11"]
[EventCountry "GBR"]
[SourceTitle "BritBase"]
[SourceQuality "2"]

1. e4 c5 2. Nf3 Nc6 3. d4 cxd4 4. Nxd4 Nf6 5. Nc3 e6 6. Nxc6 bxc6 7. e5 Nd5 8.
Ne4 f5 9. exf6 Nxf6 10. Nd6+ Bxd6 11. Qxd6 Qb6 12. Bd3 c5 13. Bf4 Bb7 14. O-O
Rc8 15. c4 Qxd6 16. Bxd6 Rc6 17. Bg3 Kf7 18. Rad1 d6 19. Rd2 Rb6 20. Rfd1 Rd8
21. Bb1 Be4 22. f3 Bxb1 23. Rxb1 Rd7 24. b3 d5 25. cxd5 exd5 26. Bf2 Rc6 27.
Rc1 Rdc7 28. Bh4 c4 29. Bxf6 Kxf6 30. Rxd5 cxb3 31. Rxc6+ Rxc6 32. axb3 Rb6 33.
Rd3 a5 34. Kf2 Rb4 35. Ke3 a4 36. bxa4 Rxa4 37. g4 h6 38. h4 Rb4 39. h5 Ra4 40.
Rd6+ Kf7 41. f4 Rb4 42. Kf3 Kg8 43. Rd7 Ra4 44. Ke3 Rb4 45. g5 hxg5 46. fxg5
Rh4 47. g6 Kf8 48. Rf7+ Kg8 49. Rf5 Rh1 50. Kf4 Rf1+ 51. Ke5 Rxf5+ 52. Kxf5 Kh8
53. Ke6 Kg8 54. Ke7 Kh8 55. Ke6 Kg8 56. Kf5 Kh8 57. Kg4 Kg8 58. Kg5 Kh8 59. h6
Kg8 1/2-1/2

[Event "GBR-ch61"]
[Site "Clacton"]
[Date "1974.08.05"]
[Round "1"]
[White "Webb, Roger"]
[Black "Eley, Brian Ratcliffe"]
[Result "0-1"]
[WhiteElo "2200"]
[BlackElo "2350"]
[PlyCount "50"]
[EventDate "1974.08.05"]
[EventType "swiss"]
[EventRounds "11"]
[EventCountry "GBR"]
[SourceTitle "BritBase"]
[SourceQuality "2"]

1. c4 e5 2. Nc3 Nc6 3. Nf3 f5 4. d4 e4 5. Nd2 Nf6 6. e3 Bb4 7. Be2 O-O 8. O-O
Bxc3 9. bxc3 d6 10. Ba3 b6 11. Qc2 Qe7 12. Rfd1 Na5 13. c5 Be6 14. Ba6 dxc5 15.
dxc5 Nd7 16. Nb3 Nxb3 17. axb3 Nxc5 18. Bxc5 Qxc5 19. Bb7 Rad8 20. h3 a5 21. c4
c6 22. Rxd8 Rxd8 23. Rd1 Rb8 24. Ba6 Kf7 25. Qd2 Ra8 0-1

[Event "GBR-ch61"]
[Site "Clacton"]
[Date "1974.08.05"]
[Round "1"]
[White "Webb, Simon"]
[Black "Yerbury, Paul"]
[Result "1-0"]
[WhiteElo "2380"]
[BlackElo "2200"]
[PlyCount "71"]
[EventDate "1974.08.05"]
[EventType "swiss"]
[EventRounds "11"]
[EventCountry "GBR"]
[SourceTitle "BritBase"]
[SourceQuality "2"]

1. d4 Nf6 2. c4 e6 3. Nc3 d5 4. Bg5 Be7 5. e3 O-O 6. Rc1 h6 7. Bh4 b6 8. Nf3
Bb7 9. Bxf6 Bxf6 10. cxd5 exd5 11. Bd3 Nc6 12. O-O a6 13. a3 Qd6 14. Bb1 Ne7
15. b4 Rac8 16. Qb3 g6 17. e4 dxe4 18. Bxe4 c6 19. Rfd1 Bg7 20. Na4 Nd5 21. Nb2
Rfe8 22. Re1 Re6 23. Nc4 Qd8 24. Nce5 Qe8 25. a4 Nf6 26. Bd3 Nd5 27. Bc4 Re7
28. b5 axb5 29. axb5 Bxe5 30. Nxe5 f6 31. bxc6 Bxc6 32. Bxd5+ Kg7 33. Bxc6 Rxc6
34. Rxc6 Qxc6 35. Qf7+ Rxf7 36. Nxc6 1-0

[Event "GBR-ch61"]
[Site "Clacton"]
[Date "1974.08.06"]
[Round "2"]
[White "Botterill, George Steven"]
[Black "Webb, Simon"]
[Result "1/2-1/2"]
[WhiteElo "2410"]
[BlackElo "2380"]
[PlyCount "61"]
[EventDate "1974.08.05"]
[EventType "swiss"]
[EventRounds "11"]
[EventCountry "GBR"]
[SourceTitle "BritBase"]
[SourceQuality "2"]

1. d4 Nf6 2. c4 g6 3. Nf3 Bg7 4. g3 c6 5. Bg2 d5 6. cxd5 cxd5 7. O-O O-O 8. Ne5
Nfd7 9. Nxd7 Qxd7 10. Nc3 e6 11. Bf4 Nc6 12. e3 b6 13. Qa4 Na5 14. Rfc1 Qxa4
15. Nxa4 Ba6 16. Rc7 Rfc8 17. Rac1 Rxc7 18. Rxc7 Rc8 19. Rxc8+ Bxc8 20. Bf1 f6
21. b4 Nc4 22. e4 f5 23. exd5 exd5 24. Nc3 Bb7 25. Bg2 Bxd4 26. Nxd5 Kf7 27.
Nxb6 Bxg2 28. Nxc4 Bd5 29. Nd6+ Ke6 30. Nb5 Bb6 31. a4 1/2-1/2

[Event "GBR-ch61"]
[Site "Clacton"]
[Date "1974.08.06"]
[Round "2"]
[White "Eley, Brian Ratcliffe"]
[Black "Hindle, Owen M"]
[Result "1/2-1/2"]
[WhiteElo "2350"]
[BlackElo "2200"]
[PlyCount "88"]
[EventDate "1974.08.05"]
[EventType "swiss"]
[EventRounds "11"]
[EventCountry "GBR"]
[SourceTitle "BritBase"]
[SourceQuality "2"]

1. e4 c5 2. Nf3 e6 3. d4 cxd4 4. Nxd4 a6 5. Nc3 Qc7 6. Bd3 Nf6 7. O-O Nc6 8.
Nxc6 dxc6 9. f4 e5 10. f5 Bc5+ 11. Kh1 h5 12. Be2 Bd7 13. Bg5 O-O-O 14. Qe1
Rdg8 15. Bxf6 gxf6 16. Na4 Bd4 17. c3 Ba7 18. b3 h4 19. Rd1 Rg3 20. Rf3 Rxf3
21. Bxf3 b5 22. Nb2 c5 23. c4 Bc6 24. Rd3 Bb6 25. Nd1 Rd8 26. Rxd8+ Qxd8 27. h3
bxc4 28. bxc4 Qd3 29. Qxh4 Bd8 30. Qe1 Qxc4 31. h4 Be7 32. Nc3 Qd4 33. Nd5 Bxd5
34. exd5 c4 35. h5 Bf8 36. Qe4 Bh6 37. g3 Qxe4 38. Bxe4 Kd7 39. Kg2 Kd6 40. Kf2
c3 41. Ke2 c2 42. Bxc2 Kxd5 43. Kf3 Kd4 44. Be4 a5 1/2-1/2

[Event "GBR-ch61"]
[Site "Clacton"]
[Date "1974.08.06"]
[Round "2"]
[White "Hartston, William Roland"]
[Black "Clarke, Peter Hugh"]
[Result "1/2-1/2"]
[WhiteElo "2480"]
[BlackElo "2355"]
[PlyCount "40"]
[EventDate "1974.08.05"]
[EventType "swiss"]
[EventRounds "11"]
[EventCountry "GBR"]
[SourceTitle "BritBase"]
[SourceQuality "2"]

1. e4 e6 2. d4 d5 3. Nc3 Bb4 4. e5 b6 5. Nf3 Qd7 6. Bd2 h6 7. Bd3 Ba6 8. Bxa6
Nxa6 9. Qe2 Nb8 10. Nd1 Bxd2+ 11. Nxd2 c5 12. dxc5 bxc5 13. c4 Ne7 14. cxd5
Nxd5 15. O-O O-O 16. Rc1 Qa4 17. a3 Nd7 18. Nc3 Nf4 19. Qf3 Qd4 20. Nb3 Qxe5
1/2-1/2

[Event "GBR-ch61"]
[Site "Clacton"]
[Date "1974.08.06"]
[Round "2"]
[White "Haygarth, Michael J"]
[Black "Knox, Victor W"]
[Result "1-0"]
[WhiteElo "2200"]
[BlackElo "2200"]
[PlyCount "99"]
[EventDate "1974.08.05"]
[EventType "swiss"]
[EventRounds "11"]
[EventCountry "GBR"]
[SourceTitle "BritBase"]
[SourceQuality "2"]

1. c4 Nf6 2. Nc3 c6 3. Nf3 d5 4. e3 g6 5. Be2 Bg7 6. O-O O-O 7. d4 Bg4 8. Qb3
Qb6 9. Qxb6 axb6 10. cxd5 cxd5 11. h3 Bf5 12. b3 Rc8 13. Na4 Nbd7 14. Ba3 Rc2
15. Bb5 Ra5 16. Bxd7 Nxd7 17. Bb4 Ra8 18. Rfc1 Rac8 19. Rxc2 Rxc2 20. Ne1 Rc7
21. Bxe7 Nc5 22. Bd8 Rc8 23. Bxb6 Nxa4 24. bxa4 Bf8 25. g4 Bd7 26. a5 h5 27. f3
Bb5 28. Rb1 Ba6 29. Kf2 Be7 30. Kg3 h4+ 31. Kf2 g5 32. e4 Bd6 33. e5 Be7 34.
Rb2 f6 35. Rc2 Rc4 36. Rxc4 Bxc4 37. exf6 Bxf6 38. a3 Kf7 39. Ng2 Be7 40. a4
Bd6 41. f4 Bxf4 42. Nxf4 gxf4 43. Bd8 Bd3 44. Bxh4 Be4 45. Bg5 f3 46. Be3 Kf6
47. Kg3 Kg6 48. h4 Kf6 49. Kf4 Kg6 50. Ke5 1-0

[Event "GBR-ch61"]
[Site "Clacton"]
[Date "1974.08.06"]
[Round "2"]
[White "Law, Andrew P"]
[Black "Bellin, Robert"]
[Result "1/2-1/2"]
[WhiteElo "2200"]
[BlackElo "2355"]
[PlyCount "47"]
[EventDate "1974.08.05"]
[EventType "swiss"]
[EventRounds "11"]
[EventCountry "GBR"]
[SourceTitle "BritBase"]
[SourceQuality "2"]

1. c4 c5 2. Nf3 Nf6 3. Nc3 g6 4. d4 cxd4 5. Nxd4 Nc6 6. e4 d6 7. Be2 Nxd4 8.
Qxd4 Bg7 9. O-O O-O 10. Qd3 Nd7 11. Be3 Nc5 12. Qd2 Bxc3 13. Qxc3 Nxe4 14. Qd4
Nc5 15. Bh6 e5 16. Qd2 Re8 17. Rad1 Ne6 18. Be3 Qf6 19. Qxd6 Rd8 20. Qa3 Nd4
21. Bd3 Bf5 22. Bxf5 Qxf5 23. Kh1 a6 24. Qc3 1/2-1/2

[Event "GBR-ch61"]
[Site "Clacton"]
[Date "1974.08.06"]
[Round "2"]
[White "Lightfoot, Malcolm J"]
[Black "Hardy, Otto H"]
[Result "1/2-1/2"]
[WhiteElo "2200"]
[BlackElo "2200"]
[PlyCount "48"]
[EventDate "1974.08.05"]
[EventType "swiss"]
[EventRounds "11"]
[EventCountry "GBR"]
[SourceTitle "BritBase"]
[SourceQuality "2"]

1. e4 c5 2. Nf3 Nc6 3. Bb5 a6 4. Bxc6 dxc6 5. d3 Bg4 6. h3 Bxf3 7. Qxf3 e5 8.
Nd2 g6 9. Nc4 Bg7 10. Be3 b5 11. Nd2 Qe7 12. Nb3 c4 13. dxc4 Qb4+ 14. c3 Qxc4
15. Na5 Qe6 16. Bc5 Nf6 17. O-O Bf8 18. Qe3 Nd7 19. Nb3 a5 20. Bxf8 Kxf8 21.
Nc5 Nxc5 22. Qxc5+ Kg7 23. Rfd1 Rhd8 24. Qb6 Qf6 1/2-1/2

[Event "GBR-ch61"]
[Site "Clacton"]
[Date "1974.08.06"]
[Round "2"]
[White "Ludgate, Alan Templeton"]
[Black "Thomas, Ronald"]
[Result "1-0"]
[WhiteElo "2200"]
[BlackElo "2200"]
[PlyCount "89"]
[EventDate "1974.08.05"]
[EventType "swiss"]
[EventRounds "11"]
[EventCountry "GBR"]
[SourceTitle "BritBase"]
[SourceQuality "2"]

1. d4 d5 2. c4 e6 3. Nc3 Nf6 4. cxd5 exd5 5. Bg5 c6 6. e3 Bd6 7. Bd3 Nbd7 8.
Nf3 Nf8 9. Qc2 Bg4 10. Ne5 Bh5 11. f4 Be7 12. h3 h6 13. Bh4 Ng8 14. Bxe7 Nxe7
15. g4 Bg6 16. f5 Bh7 17. O-O-O f6 18. Nf3 Qa5 19. Rhe1 O-O-O 20. e4 dxe4 21.
Rxe4 Rd7 22. Rde1 Qc7 23. Nb5 cxb5 24. Rxe7 Qxc2+ 25. Kxc2 a6 26. Nh4 Kd8 27.
Re8+ Kc7 28. Ra8 g5 29. Nf3 Rd8 30. Re7+ Nd7 31. Rxd8 Kxd8 32. Rg7 Bg8 33. Be4
b6 34. Bb7 Nb8 35. d5 Nd7 36. Nd4 Ne5 37. Nc6+ Ke8 38. Nxe5 fxe5 39. Kd3 Kf8
40. Rc7 h5 41. Ke4 hxg4 42. hxg4 Rh4 43. Kxe5 Rxg4 44. Kf6 Rc4 45. Bc6 1-0

[Event "GBR-ch61"]
[Site "Clacton"]
[Date "1974.08.06"]
[Round "2"]
[White "Perkins, Alan H"]
[Black "Mestel, A Jonathan"]
[Result "1/2-1/2"]
[WhiteElo "2360"]
[BlackElo "2270"]
[PlyCount "128"]
[EventDate "1974.08.05"]
[EventType "swiss"]
[EventRounds "11"]
[EventCountry "GBR"]
[SourceTitle "BritBase"]
[SourceQuality "2"]

1. d4 d6 2. c4 g6 3. Nc3 Bg7 4. e4 e5 5. Nf3 exd4 6. Nxd4 Nc6 7. Nxc6 bxc6 8.
Be3 Nf6 9. Qd2 O-O 10. f3 Re8 11. O-O-O Be6 12. Bh6 Bh8 13. h4 Qb8 14. e5 dxe5
15. Bd3 Rd8 16. Qc2 Qb4 17. a3 Qc5 18. h5 e4 19. Nxe4 Nxe4 20. hxg6 hxg6 21.
Bxe4 Rxd1+ 22. Rxd1 f5 23. b4 Qe5 24. Bxc6 Qa1+ 25. Kd2 Rd8+ 26. Bd5 Qf6 27.
Kc1 Qa1+ 28. Kd2 Qxa3 29. Ke2 Re8 30. Kf1 Bxd5 31. cxd5 Qxb4 32. d6 cxd6 33.
Qa2+ Kh7 34. Qf7+ Kxh6 35. Qxe8 Qc4+ 36. Qe2 Qh4 37. Qd2+ Kh7 38. Qxd6 Qh1+ 39.
Kf2 Qh4+ 40. Kg1 Bg7 41. Qh2 Qxh2+ 42. Kxh2 Be5+ 43. Kh3 Kh6 44. Rd5 Bc7 45.
Rd7 Bb6 46. Rf7 Kg5 47. g3 Kh6 48. f4 a5 49. g4 fxg4+ 50. Kxg4 Bd8 51. Rd7 Bf6
52. Ra7 Bd8 53. Ra8 Be7 54. Rxa5 Kg7 55. Kf3 Bh4 56. Ke4 Be1 57. Ra7+ Kf6 58.
Ra6+ Kf7 59. Rc6 Bg3 60. Rb6 Be1 61. f5 gxf5+ 62. Kxf5 Bf2 63. Rb7+ Ke8 64. Ke6
Kd8 1/2-1/2

[Event "GBR-ch61"]
[Site "Clacton"]
[Date "1974.08.06"]
[Round "2"]
[White "Sinclair, Ian J"]
[Black "Stean, Michael F"]
[Result "1/2-1/2"]
[WhiteElo "2200"]
[BlackElo "2345"]
[PlyCount "98"]
[EventDate "1974.08.05"]
[EventType "swiss"]
[EventRounds "11"]
[EventCountry "GBR"]
[SourceTitle "BritBase"]
[SourceQuality "2"]

1. c4 e5 2. Nc3 Nf6 3. g3 Bb4 4. Bg2 O-O 5. e4 Bxc3 6. dxc3 d6 7. Ne2 Nbd7 8.
O-O Nc5 9. Qc2 b6 10. f3 Kh8 11. Be3 Ng8 12. Rad1 Qe7 13. Nc1 Be6 14. b3 Rae8
15. Nd3 f5 16. Nxc5 bxc5 17. f4 exf4 18. Bxf4 fxe4 19. Qxe4 Nf6 20. Qb7 Bg4 21.
Rd2 Nh5 22. Rdf2 Nxf4 23. gxf4 Rf7 24. Qxa7 Qe3 25. Qa3 Rxf4 26. Qb2 h6 27. Qd2
Rxf2 28. Rxf2 Qxd2 29. Rxd2 Re3 30. Rf2 Be6 31. Rf8+ Kh7 32. Re8 Kg6 33. Bd5
Kf7 34. Rxe6 Rxe6 35. Bxe6+ Kxe6 36. a4 c6 37. Kf2 g5 38. Kf3 d5 39. cxd5+ cxd5
40. a5 Kd6 41. Kg4 Kc6 42. Kf5 Kb5 43. Ke5 d4 44. cxd4 cxd4 45. Kxd4 Kxa5 46.
Ke5 Kb4 47. Kf6 Kxb3 48. Kg6 Kc4 49. Kxh6 g4 1/2-1/2

[Event "GBR-ch61"]
[Site "Clacton"]
[Date "1974.08.06"]
[Round "2"]
[White "Swanson, Stephen"]
[Black "Penrose, Jonathan"]
[Result "1/2-1/2"]
[WhiteElo "2200"]
[BlackElo "2450"]
[PlyCount "32"]
[EventDate "1974.08.05"]
[EventType "swiss"]
[EventRounds "11"]
[EventCountry "GBR"]
[SourceTitle "BritBase"]
[SourceQuality "2"]

1. g3 g6 2. Bg2 Bg7 3. c4 e5 4. Nc3 d6 5. d3 Ne7 6. Rb1 O-O 7. b4 h6 8. e3 f5
9. Nge2 Nd7 10. O-O g5 11. f4 Nf6 12. a4 Rb8 13. e4 exf4 14. gxf4 gxf4 15. Nxf4
c6 16. Kh1 Qe8 1/2-1/2

[Event "GBR-ch61"]
[Site "Clacton"]
[Date "1974.08.06"]
[Round "2"]
[White "Williams, Arthur Howard"]
[Black "Holloway, Nigel J"]
[Result "1-0"]
[WhiteElo "2405"]
[BlackElo "2200"]
[PlyCount "77"]
[EventDate "1974.08.05"]
[EventType "swiss"]
[EventRounds "11"]
[EventCountry "GBR"]
[SourceTitle "BritBase"]
[SourceQuality "2"]

1. d4 d5 2. c4 e6 3. Nc3 Nf6 4. Bg5 Be7 5. e3 O-O 6. Nf3 Nbd7 7. Rc1 c6 8. Bd3
dxc4 9. Bxc4 Nd5 10. Bxe7 Qxe7 11. O-O Nxc3 12. Rxc3 e5 13. Qc2 e4 14. Nd2 Nf6
15. a3 Bd7 16. b4 Rac8 17. Ba2 Rfe8 18. Rc5 Ng4 19. h3 b6 20. Rc3 Nf6 21. Rc1
Kf8 22. Qa4 a5 23. bxa5 Ra8 24. Qb4 Qxb4 25. axb4 bxa5 26. bxa5 Rxa5 27. Bb3
Rea8 28. Nc4 Nd5 29. R3c2 Rb5 30. Ne5 Be8 31. Bc4 Rb6 32. Be2 Nb4 33. Rb2 Na2
34. Rxb6 Nxc1 35. Bc4 Ra1 36. Kh2 f6 37. Nxc6 Nd3 38. Nd8 Nxf2 39. Rb7 1-0